Lord of the flies

Novela británica, que contrasta una situación utópica donde varios niños terminan en una isla deshabitada y se enfrentan a continuar con la civilización, como lo plantea Ralph uno de los protagonistas, o volverse salvajes así como lo desea Jack. Es considerada un clásico de la literatura inglesa de...

Descrición completa

Gardado en:
Detalles Bibliográficos
Autor Principal: Golding, William
Formato: Libro
Idioma:Undetermined
Publicado: New York, Estados Unidos G.P. Putnam's 1964
Materias:
Etiquetas: Engadir etiqueta
Sen Etiquetas, Sexa o primeiro en etiquetar este rexistro!

MARC

LEADER 00000nam a2200000Ia 4500
008 170316s9999 xx 000 0 und d
040 |a cru BVZT 
090 |a 820 G-8L 
100 |a Golding, William  |9 851 
245 |a Lord of the flies  |c / William Golding 
260 |a New York, Estados Unidos 
260 |b G.P. Putnam's 
260 |c 1964 
300 |a 290 páginas 
520 |a Novela británica, que contrasta una situación utópica donde varios niños terminan en una isla deshabitada y se enfrentan a continuar con la civilización, como lo plantea Ralph uno de los protagonistas, o volverse salvajes así como lo desea Jack. Es considerada un clásico de la literatura inglesa de postguerra.  
650 |a LITERATURA INGLESA  |9 12 
650 |a EN IDIOMA INGLÉS  |9 129 
650 |a NOVELA  |9 13 
999 |c 6909  |d 6909 
942 |c 15 D  |h 820 G-8L  |2 z